Z Którego Kraju Pochodzi ten Skoczek #2 - Statystyki

Ogólne statystyki
  • Ten quiz został rozwiązany 70 razy
  • Średni wynik to 9 z 10
Statystyki odpowiedzi
Skoczek Narodowość % Poprawnych
Jarkko Maata Finlandia
94%
Ziga Jelar Słowenia
94%
Alex Insam Włochy
94%
Martin Hamann Niemcy
92%
Thomas Aasen Markeng Norwegia
90%
Valentin Foubert Francja
87%
Timon-Pascal Kahofer Austria
85%
Casey Larson Stany Zjednoczone
85%
Lovro Kos Słowenia
82%
Kevin Maltsev Estonia
71%
Nie znaleziono quizów pasujących do podanych kryteriów
Rozkład punktacji
Procent ludzi z każdym wynikiem
Percentyl według liczby udzielonych odpowiedzi
Twoja historia wyników
Nie rozwiązałeś tego quizu